000 00858nam a22003013u 4500
001 DHIM2026021812230013
003 RU-10907106
005 20260218123447.0
007 tu
008 260218s2015 ru ||| ||| 000 0 rus d
020 _9978-5-93680-880-7
_a9785936808807
040 _aRU-10907106
_bger
_cRU-10907106
041 _arus
100 1 _4aut
_aIvanokov, N. R.
_qIvanokov, Nurbi Rašidovič
_968506
245 0 _aIzbrannye trudy
264 1 _aNal'čik
_bIzdatel'stvo M. i V. Kotljarovych
_c2015
300 _a360 Seiten
336 _2rdacontent
_aText
_btxt
337 _2rdamedia
_aOhne Hilfsmittel zu benutzen
_bn
338 _2rdacarrier
_aBand
_bnc
650 _aNarten
_968507
650 _aSaga
_968508
650 _aLiteratur
650 _aSprache
650 _aLinguistik
_93786
651 _aAdygeja
_926510
942 _2z
_cMG
999 _c73756
_d73756